[Event "Taastrup Spil Naar Du Vil V"]
[Site "Taastrup"]
[Date "2010.05.06"]
[Round "6"]
[White "Pedersen, Ole"]
[Black "Ghavamabadi, Mehdi"]
[Result "1/2-1/2"]
[WhiteElo "1346"]
[BlackElo "1375"]
[PlyCount "71"]
[EventDate "2010.03.25"]
[EventType "swiss"]
[EventRounds "7"]
[EventCountry "DEN"]
[SourceTitle "EXT 2023"]
[Source "ChessBase"]
[SourceDate "2022.10.05"]
[SourceVersion "1"]
[SourceVersionDate "2022.10.05"]
[SourceQuality "1"]

1. c4 Nf6 2. Nc3 c6 3. e4 e5 4. Nf3 d6 5. d4 exd4 6. Nxd4 Nbd7 7. Bd3 Nc5 8. Bc2 Bg4 9. Nf3 Ncd7 10. a3 Be7 11. 0-0 Ne5 12. Qe2 0-0 13. Bd1 Nxf3+ 14. gxf3 Bh5 15. Kh1 Bg6 16. Rg1 Re8 17. Bc2 a5 18. Bf4 Nh5 19. Bg3 Bf6 20. Qd2 Nxg3+ 21. fxg3 Be5 22. Rae1 Qd7 23. f4 Bxc3 24. Qxc3 f5 25. e5 dxe5 26. Rxe5 Rxe5 27. Qxe5 Re8 28. Qc3 c5 29. Qxa5 Qc6+ 30. Rg2 Re2 31. Qd8+ Re8 32. Qd5+ Qxd5 33. cxd5 Re1+ 34. Rg1 Re2 35. Rg2 Re1+ 36. Rg1 1/2-1/2

[Event "Taastrup Spil Naar Du Vil V"]
[Site "Taastrup"]
[Date "2010.04.22"]
[Round "4"]
[White "Wadtland, Flemming"]
[Black "Ghavamabadi, Mehdi"]
[Result "1/2-1/2"]
[WhiteElo "1249"]
[BlackElo "1375"]
[PlyCount "85"]
[EventDate "2010.03.25"]
[EventType "swiss"]
[EventRounds "7"]
[EventCountry "DEN"]
[SourceTitle "EXT 2023"]
[Source "ChessBase"]
[SourceDate "2022.10.05"]
[SourceVersion "1"]
[SourceVersionDate "2022.10.05"]
[SourceQuality "1"]

1. Nf3 d5 2. c4 Nf6 3. d4 e6 4. Bg5 Be7 5. h3 c6 6. e3 0-0 7. Bxf6 Bxf6 8. Nbd2 Nd7 9. c5 e5 10. Be2 Re8 11. 0-0 e4 12. Nh2 Nf8 13. f3 Ng6 14. f4 a5 15. Bg4 Bh4 16. f5 Nf8 17. f6 Bxf6 18. Bxc8 Rxc8 19. Qg4 a4 20. Rf2 Ng6 21. g3 Qa5 22. Raf1 Re6 23. Rxf6 gxf6 24. Rxf6 Rce8 25. Rf2 Qb4 26. h4 Kf8 27. h5 Nh8 28. Qf4 Qxb2 29. Ng4 R8e7 30. Nf6 Rxf6 31. Qxf6 Ke8 32. Qxh8+ Kd7 33. Qg7 f5 34. Qg5 Rf7 35. Nxe4 Qb1+ 36. Rf1 Qxe4 37. g4 f4 38. Qe5 Qxe5 39. dxe5 f3 40. Kf2 Ke6 41. Rb1 Kxe5 42. Rb4 b5 43. a3 1/2-1/2